01226nab a22002777a 4500003000400000005001700004008004100021040000700062100002000069245015800089260004200247300001300289500003700302505018900339505008900528650002000617650001300637650002200650650002800672650004200700650002100742650002200763650002400785700002400809773011500833OSt20260201150705.0190506c xxu||||| |||| 00| 0 spa d cPJ aMelogno, Carla 13aLa importancia del delegado gremial :bdesafíos ante la crisis por la pandemia del COVID-19 y la nueva normalidad /cCarla Melogno, Lucas Olabarriaga.  aBuenos Aires :bAbeledoPerrot,c2023. ap. 18-22 aCita: TR LALEY AR/DOC/1467/2023  aSumario: I. Introducción.— II. El rol protagónico del delegado.— IV. La representación sindical en el marco de la excepcionalidad.— V. Conclusión.— VI. Bibliografía.  t¿Te interesa el texto completo? Comunicate al correo: koha@justierradelfuego.gov.ar 0aDERECHO LABORAL 0aPANDEMIA 0aDERECHO DE HUELGA 0aASOCIACIONES SINDICALES 0aDERECHOS Y GARANTIAS CONSTITUCIONALES 0aDELEGADO GREMIAL 0aLIBERTAD SINDICAL 0aDERECHOS SINDICALES aOlabarriaga, Lucas 0 02751dBuenos Aires : AbeledoPerrot, 2013-tRevista de derecho laboral y seguridad social. Nº 15- Agosto 2023